[Event "Fagernes GM-B 2019"]
[Site "Fagernes"]
[Date "2019.04.15"]
[Round "2.26"]
[White "Kazakovskiy, Valeriy"]
[Black "Holm, Kristian Stuvik"]
[Result "1/2-1/2"]
[WhiteElo "2440"]
[BlackElo "2467"]
[Annotator "TA"]
[PlyCount "57"]
[EventDate "2019.04.14"]
[EventType "tourn"]
[EventCountry "NOR"]
[SourceTitle "playchess.com"]
[Source "ChessBase"]
[SourceQuality "1"]

{[%evp 15,57,11,0,0,0,0,0,0,0,0,0,0,0,0,12,0,22,-6,-6,-23,-23,-19,0,-11,0,2,0,0,60,57,85,92,93,91,62,22,37,10,8,10,11,0,0,0]} 1. Nf3 c5 2. c4 Nc6 3. Nc3 g6 4. e3 Nf6 5. d4 cxd4 6. exd4 d5 7. cxd5 Nxd5 8. Qb3 e6 9. Bg5 {A35: Symmetrical English: 2 Nc3 Nc6 3 Nf3} Be7 10. Bh6 Bf8 11. Bg5 Be7 12. Bxe7 Ncxe7 13. Bb5+ Kf8 14. O-O Kg7 15. Rac1 Nxc3 {[#]} 16. Qxc3 $146 {Strongly threatening d5+.} ({Predecessor:} 16. bxc3 Bd7 17. c4 Re8 {½-½ (27) Malakhov,V (2699)-Lintchevski,D (2557) Kaliningrad 2015}) 16... Nd5 17. Qb3 Bd7 18. Bc4 Nb6 19. Ne5 Be8 20. Qe3 $36 {[%mdl 2048] White has the initiative.} Nxc4 21. Nxc4 Bc6 (21... Rc8 $11) 22. Ne5 $1 $14 Qd5 {[%csl Gc6][%cal Rd5g2] [#]} 23. Nxc6 bxc6 24. Rc5 Qxa2 25. Qe5+ Kg8 26. Rxc6 Qd5 {The position is equal.} 27. Qxd5 exd5 28. Rd6 Kg7 29. Rxd5 {Accuracy: White = 62%, Black = 60%.} 1/2-1/2

[Event "Fagernes GM-B 2019"]
[Site "Fagernes"]
[Date "2019.04.16"]
[Round "3.22"]
[White "Holm, Kristian Stuvik"]
[Black "Tryggestad, Andreas Garberg"]
[Result "1-0"]
[WhiteElo "2467"]
[BlackElo "2305"]
[Annotator "TA"]
[PlyCount "77"]
[EventDate "2019.04.14"]
[EventType "tourn"]
[EventCountry "NOR"]
[SourceTitle "playchess.com"]
[Source "ChessBase"]
[SourceQuality "1"]

{[%evp 12,77,30,25,36,34,70,49,43,40,50,31,31,31,54,54,56,40,46,40,70,28,33,35,68,29,69,50,49,51,60,43,41,57,49,49,93,84,86,18,111,74,250,258,245,232,296,241,338,338,325,326,431,403,426,423,525,531,645,630,709,695,818,816,796,792,893,872]} 1. Nf3 Nf6 2. c4 c5 3. Nc3 d5 4. cxd5 Nxd5 5. e3 Nc6 6. Bb5 Nxc3 7. bxc3 Bd7 {A34: Symmetrical English: 2 Nc3, lines with ...d5} 8. O-O g6 9. d4 Bg7 {White is slightly better.} 10. Rb1 O-O 11. Be2 Qc7 12. e4 cxd4 (12... Bg4 13. d5 Ne5 14. c4 b6 15. Nxe5 Bxe2 16. Qxe2 Bxe5 17. f4 Bd4+ 18. Kh1 e6 19. e5 exd5 20. cxd5 Qd7 {½-½ (47) Aronian,L (2765)-Vachier Lagrave,M (2781) London 2018}) 13. cxd4 Bg4 {White should prevent ...Bxf3.} 14. d5 $1 {[#] Hoping for Qc2.} Ne5 $146 ({Predecessor:} 14... Bxf3 15. Bxf3 Ne5 16. Be2 Rfc8 17. Ba3 a6 18. f4 Nc4 19. Bxc4 Qxc4 20. e5 Rd8 21. Bxe7 Rxd5 22. Qb3 Qxb3 {½-½ (22) Moreno,C (1507)-Hasyn,T (1596) FICGS email 2010}) 15. Bg5 Rac8 16. h3 Bxf3 17. gxf3 Qd7 18. Kg2 a6 19. Qb3 {Strongly threatening f4.} b5 20. Rfc1 h6 21. Be3 g5 22. f4 gxf4 23. Bxf4 Ng6 {[#]} 24. Bg3 $1 {Bg4 is the strong threat.} Qa7 25. Rc6 ({Better is} 25. Qd3 $16) 25... Qd4 (25... Ne5 $11) 26. Qc2 $36 {[%mdl 2048] White is on the roll.} Ra8 $2 (26... Rxc6 $16 {keeps fighting.} 27. dxc6 Be5) 27. Rd1 $18 Qb4 28. f4 Kh7 29. Bh5 Qb2 (29... Qa4 {is a better defense.} 30. e5 Qxc2+ 31. Rxc2 b4) 30. Qxb2 Bxb2 31. Rd2 Ba1 32. Bxg6+ fxg6 33. Rc7 {White is clearly winning.} Rfe8 34. d6 {[%cal Bd5d6,Bd6d7][%mdl 32]} Bg7 {If Black can now play ...exd6 this consolidates a bit.} 35. d7 Red8 36. e5 Kg8 37. e6 b4 38. Rb7 a5 39. Bf2 {Accuracy: White = 77%, Black = 28%.} 1-0

[Event "Fagernes GM-B 2019"]
[Site "Fagernes"]
[Date "2019.04.16"]
[Round "3.23"]
[White "Greenfeld, Alon"]
[Black "Kazakovskiy, Valeriy"]
[Result "1/2-1/2"]
[WhiteElo "2514"]
[BlackElo "2440"]
[Annotator "TA"]
[PlyCount "92"]
[EventDate "2019.04.14"]
[EventType "tourn"]
[EventCountry "NOR"]
[SourceTitle "playchess.com"]
[Source "ChessBase"]
[SourceQuality "1"]

{[%evp 13,92,-66,-60,-56,-45,-110,-60,-52,-56,-44,-57,-76,-76,-79,-45,-92,-81,-89,-82,-84,-82,-84,-81,-75,-82,-91,-77,-77,-79,-85,-90,-127,-92,-92,-47,-54,-45,-51,-57,-47,-40,-38,-22,-31,-31,-48,-43,-27,-38,-37,0,0,0,0,0,0,0,0,0,0,0,-4,-4,-6,0,0,0,0,0,0,0,0,0,0,0,0,0,0,0,0,0]} 1. c4 e5 2. Nc3 Nc6 3. Nf3 f5 4. d4 e4 5. Ng5 Bb4 6. g3 {A27: English Opening: Three Knights Variation} Nf6 (6... Qf6 7. a3 Bxc3+ 8. bxc3 h6 9. Nh3 g5 10. Bg2 b6 11. O-O Ba6 12. d5 Na5 13. Be3 Rh7 {1-0 (31) Iturrizaga Bonelli,E (2639)-Rathnakaran,K (2361) Sharjah 2019}) 7. Bg2 d5 {LiveBook: 3 Games} 8. O-O {Black is slightly better.} dxc4 $146 ({Predecessor:} 8... Bxc3 9. bxc3 dxc4 10. f3 h6 11. fxe4 hxg5 12. exf5 {1-0 (37) Bratanov,Z (2393)-Gervasio,R (2292) Fouesnant 2003}) 9. Qa4 (9. e3 $15) 9... a6 10. a3 Bxc3 $1 11. Qxc4 {[%csl Gg5][%cal Rc4f7] [#]} Qd5 12. Qxc3 h6 13. Nh3 Qxd4 14. Qc2 Be6 15. Nf4 Qc4 16. Qxc4 Bxc4 17. b3 Bxb3 18. Rb1 Bf7 19. Rxb7 O-O-O 20. Rb2 g5 21. Nd3 Bc4 22. Be3 Nd5 23. Nc5 Nxe3 24. fxe3 Rd5 25. Ne6 Re5 26. Nd4 Nxd4 27. exd4 Ra5 28. g4 f4 {And now ...Bd5 would win.} 29. Bxe4 {[#] Hoping for Bf5+.} Re8 30. Bb7+ Kd7 31. Rc2 Bd5 32. Bxd5 {The position is equal.} Rxd5 $11 {[%mdl 4096] Endgame KRR-KRR} 33. Rfc1 c5 34. dxc5 Kc6 35. Kf2 Re3 36. Rc3 Rde5 37. R1c2 a5 38. a4 R3e4 39. Rh3 Re6 40. Rb3 {Rb5 is the strong threat.} Rb4 41. Rxb4 axb4 {KR-KR} 42. Rc4 $1 {[%cal Rc4b4]} b3 43. Rb4 Re3 44. Rb5 $1 Kd5 45. c6+ Kxc6 46. Kf1 f3 {Precision: White = 70%, Black = 63%.} 1/2-1/2

[Event "Fagernes GM-B 2019"]
[Site "Fagernes"]
[Date "2019.04.16"]
[Round "3.24"]
[White "Betaneli, Alexander"]
[Black "Von Bahr, Oskar"]
[Result "1/2-1/2"]
[WhiteElo "2235"]
[BlackElo "2404"]
[Annotator "NA"]
[PlyCount "129"]
[EventDate "2019.04.14"]
[EventType "tourn"]
[EventCountry "NOR"]
[SourceTitle "playchess.com"]
[Source "ChessBase"]
[SourceQuality "1"]
[TimeControl "40/5400+30:1800+30"]

1. c4 {[%emt 0:00:00]} c5 {[%emt 0:00:49]} 2. g3 {[%emt 0:00:00]} g6 {[%emt 0:00:33]} 3. Bg2 {[%emt 0:00:00]} Bg7 {[%emt 0:00:03]} 4. Nc3 {[%emt 0:00:00]} Nc6 {[%emt 0:00:08]} 5. e4 {[%emt 0:01:01]} d6 {[%emt 0:03:48]} 6. Nge2 {[%emt 0:01:12]} Nf6 {[%emt 0:00:40]} 7. d3 {[%emt 0:01:27]} a6 {[%emt 0:03:08]} 8. O-O {[%emt 0:06:51]} Rb8 {[%emt 0:00:33]} 9. a4 {[%emt 0:00:58]} Bg4 {[%emt 0:00:22]} 10. f3 {[%emt 0:01:45]} Bd7 {[%emt 0:00:08]} 11. Rb1 {[%emt 0:03:20]} O-O {[%emt 0:00:42]} 12. Be3 {[%emt 0:04:11]} Ne8 {[%emt 0:01:22]} 13. d4 {[%emt 0:09:45]} cxd4 {[%emt 0:02:43]} 14. Nxd4 {[%emt 0:00:03]} Nc7 {[%emt 0:00:39]} 15. Nb3 {[%emt 0:08:35]} Ne5 {[%emt 0:16:39]} 16. c5 {[%emt 0:19:41]} dxc5 {[%emt 0:08:38]} 17. Nxc5 {[%emt 0:05:13]} Bc6 {[%emt 0:02:43]} 18. Qe2 {[%emt 0:01:54]} a5 {[%emt 0:11:26]} 19. Rfd1 {[%emt 0:02:08]} Qe8 {[%emt 0:00:58]} 20. f4 {[%emt 0:11:32]} b6 {[%emt 0:08:38]} 21. Nb3 {[%emt 0:04:52]} Bxa4 {[%emt 0:08:11]} 22. Nxa4 {[%emt 0:00:12]} Qxa4 {[%emt 0:00:02]} 23. Nd4 {[%emt 0:00:31]} Nc6 {[%emt 0:03:36]} 24. Nxc6 {[%emt 0:04:30]} Qxc6 {[%emt 0:00:03]} 25. Rbc1 {[%emt 0:01:34]} Qb5 {[%emt 0:01:10]} 26. Qxb5 {[%emt 0:00:07]} Nxb5 {[%emt 0:00:02]} 27. e5 {[%emt 0:00:23]} f6 {[%emt 0:06:55]} 28. Bf1 {[%emt 0:05:38]} Na7 {[%emt 0:00:25]} 29. Rd7 {[%emt 0:02:10]} Nc8 {[%emt 0:00:30]} 30. Bd4 {[%emt 0:02:48]} fxe5 {[%emt 0:02:28]} 31. Bxe5 {[%emt 0:00:06]} Bxe5 {[%emt 0:00:39]} 32. fxe5 {[%emt 0:00:03]} b5 {[%emt 0:01:01]} 33. Rc5 {[%emt 0:01:52]} Kf7 {[%emt 0:03:56]} 34. Bh3 {[%emt 0:00:53]} Nb6 {[%emt 0:04:03]} 35. Ra7 {[%emt 0:00:19]} Ra8 {[%emt 0:03:38]} 36. Rxa8 {[%emt 0:00:58]} Rxa8 {[%emt 0:00:08]} 37. Rxb5 {[%emt 0:00:03]} Nc4 {[%emt 0:01:23]} 38. Bg2 {[%emt 0:00:59]} Rc8 {[%emt 0:00:44]} 39. Bd5+ {[%emt 0:00:33]} Kf8 {[%emt 0:01:49]} 40. Be6 {[%emt 0:00:52]} Rc6 {[%emt 0:01:21]} 41. Bd5 {[%emt 0:05:34]} Rc7 {[%emt 0:02:51]} 42. e6 {[%emt 0:05:37]} Kg7 {[%emt 0:31:25]} 43. Kf2 {[%emt 0:21:20]} Nd6 {[%emt 0:00:00]} 44. Rxa5 {[%emt 0:00:00]} Rc2+ {[%emt 0:00:00]} 45. Kf3 {[%emt 0:01:00]} Rxb2 {[%emt 0:00:00]} 46. h4 {[%emt 0:00:00]} Rb5 {[%emt 0:00:00]} 47. Rxb5 {[%emt 0:00:00]} Nxb5 {[%emt 0:00:00]} 48. g4 {[%emt 0:00:00]} Nc7 {[%emt 0:00:00]} 49. Bc4 {[%emt 0:00:00]} Kf6 {[%emt 0:00:00]} 50. g5+ {[%emt 0:00:00]} Ke5 {[%emt 0:00:00]} 51. Kg4 {[%emt 0:00:00]} Nxe6 {[%emt 0:00:00]} 52. h5 {[%emt 0:00:00]} Nf4 {[%emt 0:00:00]} 53. hxg6 {[%emt 0:00:00]} hxg6 {[%emt 0:00:00]} 54. Bb3 {[%emt 0:01:42]} Nd5 {[%emt 0:00:00]} 55. Kf3 {[%emt 0:00:10]} Nb4 {[%emt 0:00:00]} 56. Kg4 {[%emt 0:00:36]} e6 {[%emt 0:00:00]} 57. Ba4 {[%emt 0:00:16]} Nd5 {[%emt 0:00:09]} 58. Be8 {[%emt 0:00:19]} Nf4 {[%emt 0:01:02]} 59. Bc6 {[%emt 0:01:06]} Nd5 {[%emt 0:00:32]} 60. Be8 {[%emt 0:00:04]} Ne3+ {[%emt 0:02:02]} 61. Kf3 {[%emt 0:00:42]} Nf5 {[%emt 0:00:06]} 62. Kg4 {[%emt 0:01:07]} Ne7 {[%emt 0:01:17]} 63. Bf7 {[%emt 0:01:12]} Kd5 {[%emt 0:02:55]} 64. Kg3 {[%emt 0:01:01]} Ke5 {[%emt 0:01:04]} 65. Kg4 {[%emt 0:00:03]} 1/2-1/2

[Event "Fagernes GM-B 2019"]
[Site "Fagernes"]
[Date "2019.04.16"]
[Round "3.25"]
[White "Kaasen, Tor Fredrik"]
[Black "Levin, Felix"]
[Result "1-0"]
[WhiteElo "2385"]
[BlackElo "2476"]
[Annotator "TA"]
[PlyCount "81"]
[EventDate "2019.04.14"]
[EventType "tourn"]
[EventCountry "NOR"]
[SourceTitle "playchess.com"]
[Source "ChessBase"]
[SourceQuality "1"]

{[%evp 21,81,13,15,8,28,33,20,17,57,7,13,14,68,74,62,55,80,45,67,58,91,93,161,139,141,121,162,143,147,137,141,103,107,99,104,118,94,81,111,69,178,179,154,118,159,99,222,219,249,239,234,242,193,198,421,418,400,393,437,438,522,505]} 1. e4 e5 2. Nf3 Nc6 3. Bb5 a6 4. Ba4 Nf6 5. O-O Be7 6. d3 b5 7. Bb3 d6 8. a4 Bd7 9. c3 O-O 10. Nbd2 Na5 11. Bc2 c5 12. Re1 {C55: Two Knights: 4 d3, 4 d4 exd4 5 e5 and Max Lange Attack} b4 (12... Nc6 13. Nf1 b4 14. Ne3 Rb8 15. d4 bxc3 16. bxc3 cxd4 17. cxd4 Re8 18. Ba3 exd4 19. Nxd4 Nb4 {½-½ (40) Sjugirov,S (2650)-Matlakov,M (2735) St Petersburg 2017}) 13. cxb4 cxb4 14. d4 {The position is equal.} Qc7 15. Bd3 $146 ({Predecessor:} 15. h3 h6 16. Nb3 Rfc8 17. Bd3 Nxb3 18. Qxb3 a5 19. Bd2 Be6 {1-0 (59) Lie,E (2456)-Wunnink,M (2251) Reykjavik 2014}) 15... exd4 16. Nxd4 Ng4 (16... Rfe8 $11) 17. Nf5 $14 Bxf5 18. exf5 Ne5 19. Bf1 d5 20. Nf3 $36 {[%mdl 2048] White fights for an advantage.} Nxf3+ 21. Qxf3 Rfd8 (21... Nc6 $16 {was necessary.}) 22. Bf4 $18 Bd6 23. Rac1 Qd7 24. Qg3 Nb7 25. f6 $1 {[%csl Gf6][%cal Rg3g7] [#]} g6 26. Bxd6 Qxd6 27. Re7 {Strongly threatening Qh4.} Qxg3 28. hxg3 Nd6 29. g4 a5 30. Bd3 g5 (30... Rac8 $14 31. Rxc8 Rxc8) 31. Rc6 h6 32. g3 Kf8 33. Rcc7 (33. f3 $142) 33... Rac8 (33... Rdc8 $16) 34. Ra7 Ra8 {[#]} 35. Red7 $1 {[%cal Rd7d6]} Rab8 36. Rxd8+ Rxd8 37. Rxa5 Ke8 $2 (37... Nc4 38. Bxc4 dxc4) 38. Rxd5 Kd7 39. Re5 Kc6 40. a5 Nc8 41. Be4+ {Accuracy: White = 78%, Black = 21%.} 1-0

[Event "Fagernes GM-B 2019"]
[Site "Fagernes"]
[Date "2019.04.16"]
[Round "3.26"]
[White "Lund, Gunnar"]
[Black "Rozentalis, Eduardas"]
[Result "1/2-1/2"]
[WhiteElo "2271"]
[BlackElo "2568"]
[Annotator "TA"]
[PlyCount "87"]
[EventDate "2019.04.14"]
[EventType "tourn"]
[EventCountry "NOR"]
[SourceTitle "playchess.com"]
[Source "ChessBase"]
[SourceQuality "1"]

{[%evp 14,87,-20,-21,-20,-24,0,-16,-10,-22,-8,0,0,-19,0,0,0,0,15,8,46,6,54,6,0,-15,-6,-12,-6,-3,0,0,3,0,0,-22,0,0,14,0,0,0,0,0,130,127,168,163,170,168,160,156,155,164,227,233,239,254,237,236,270,265,232,248,288,279,223,218,357,92,87,0,330,0,97,0]} 1. d4 Nf6 2. Bf4 e6 3. Nf3 b6 4. e3 Bb7 5. Nbd2 Be7 6. Bd3 Nh5 7. Bg3 d6 8. Qe2 Nd7 {A47: 1 d4 Nf6 2 Nf3 b6: Torre, London and Colle Systems} 9. e4 a6 10. c3 c5 {The position is equal.} 11. a4 g6 (11... Qc7 12. O-O Nxg3 13. hxg3 O-O 14. Nh2 Nb8 15. Qh5 g6 16. Qh6 {1-0 (41) Savchenko,B (2613)-Vavulin,M (2582) Moscow 2016}) 12. O-O O-O 13. Rfd1 Re8 14. e5 $146 ({Predecessor:} 14. Qf1 f5 15. exf5 exf5 16. h3 Nxg3 17. fxg3 {½-½ (27) Moreno Sanchis,J (2365)-Pogorelov,R (2440) Pamplona 1995}) 14... d5 15. Nf1 c4 16. Bc2 b5 {[%cal Bb6b5,Bb5b4,Bb4b3][%mdl 32]} 17. Qd2 Bc6 18. a5 b4 19. Bf4 b3 20. Bb1 Nxf4 21. Qxf4 f5 22. exf6 Bxf6 23. Re1 Qe7 24. Qg4 Qf7 25. Qg3 $1 Kh8 26. h4 Re7 27. N1h2 {[%cal Bf1h2,Bh2g4,Bg4e3][%mdl 32]} Rf8 28. Ng4 Bg7 (28... Qe8 $11) 29. Qd6 $16 {Hoping for Ng5.} Bb5 30. Ng5 $36 {[%mdl 2112] Double Attack. White is on the roll.} Qe8 31. Rxe6 Rxe6 32. Nxe6 Rf7 33. Ne3 $1 ({Worse is} 33. Qxd5 Nf6 $11) 33... Rf6 (33... Nf6 $142 34. h5 (34. Nxd5 Nxd5 35. Qxd5 Re7 $11) 34... Rd7) 34. Nxg7 $18 Qxe3 35. fxe3 Rxd6 36. Ne8 Rc6 37. e4 dxe4 {intending ...e3.} 38. d5 $1 {[%cal Rd5c6]} Rc5 39. Bxe4 Ne5 40. Nd6 Bd7 (40... Kg7 $142 41. Kf2 Nd3+ 42. Bxd3 cxd3 43. Nxb5 Rxb5) 41. Nb7 $2 (41. Kf2 $18) 41... Rb5 $16 {[#]} 42. Nd6 $2 (42. Nd8 $1 $16) 42... Rc5 $1 $18 43. Nb7 $2 (43. Kf2 $18 {is the precise move to win.}) 43... Rb5 $1 $16 {[%cal Rb5b7] [#]} 44. Nd6 {Accuracy: White = 48%, Black = 51%.} (44. Nd8 $1 $16) 1/2-1/2

[Event "Fagernes GM-B 2019"]
[Site "Fagernes"]
[Date "2019.04.18"]
[Round "4"]
[White "Levin, Felix"]
[Black "Lund, Gunnar"]
[Result "1/2-1/2"]
[WhiteElo "2476"]
[BlackElo "2271"]
[Annotator "ChessBase"]
[PlyCount "60"]
[EventDate "2019.04.14"]
[EventType "tourn"]
[EventCountry "NOR"]
[SourceTitle "playchess.com"]
[Source "ChessBase"]
[SourceQuality "1"]
[TimeControl "40/5400+30:1800+30"]

1. d4 {[%emt 0:00:00]} d6 {[%emt 0:06:36]} 2. Nf3 {[%emt 0:00:00]} Nf6 {[%emt 0:00:18]} 3. c4 {[%emt 0:00:39]} Nbd7 {[%emt 0:00:14]} 4. Nc3 {[%emt 0:00:21]} e5 {[%emt 0:00:09]} 5. e4 {[%emt 0:01:00]} Be7 {[%emt 0:00:09]} 6. Be2 {[%emt 0:00:49]} O-O {[%emt 0:00:22]} 7. O-O {[%emt 0:00:45]} c6 {[%emt 0:00:43]} 8. Be3 {[%emt 0:02:35]} a6 {[%emt 0:02:22]} 9. d5 {[%emt 0:01:22]} cxd5 {[%emt 0:02:20]} 10. cxd5 {[%emt 0:00:15]} Ng4 {[%emt 0:00:55]} 11. Bd2 {[%emt 0:04:18]} b5 {[%emt 0:02:14]} 12. b4 {[%emt 0:10:27]} Nb6 {[%emt 0:02:12]} 13. Ne1 {[%emt 0:00:54]} f5 {[%emt 0:13:31]} 14. exf5 {[%emt 0:04:45]} Nf6 {[%emt 0:04:35]} 15. Nc2 {[%emt 0:01:03]} Bxf5 {[%emt 0:05:24]} 16. Ne3 {[%emt 0:00:40]} Bd7 {[%emt 0:00:32]} 17. Rc1 {[%emt 0:14:45]} Kh8 {[%emt 0:03:20]} 18. Bd3 {[%emt 0:12:51]} Ra7 {[%emt 0:06:17]} 19. Bc2 {[%emt 0:01:33]} Qa8 {[%emt 0:01:50]} 20. Bb3 {[%emt 0:01:09]} Rc7 {[%emt 0:02:16]} 21. f4 {[%emt 0:07:21]} Nc4 {[%emt 0:09:45]} 22. Bxc4 {[%emt 0:01:38]} bxc4 {[%emt 0:00:08]} 23. Kh1 {[%emt 0:03:09]} Bc8 {[%emt 0:03:22]} 24. Qe2 {[%emt 0:02:06]} Bb7 {[%emt 0:02:52]} 25. Nxc4 {[%emt 0:01:32]} Nxd5 {[%emt 0:03:39]} 26. Nxd5 {[%emt 0:02:06]} Bxd5 {[%emt 0:00:32]} 27. Nb6 {[%emt 0:01:13]} Rxc1 {[%emt 0:01:00]} 28. Nxa8 {[%emt 0:04:57]} Bc4 {[%emt 0:01:19]} 29. Rxc1 {[%emt 0:03:36]} Bxe2 {[%emt 0:00:08]} 30. Nc7 {[%emt 0:01:06]} Rc8 {[%emt 0:03:09]} 1/2-1/2

[Event "Fagernes GM-B 2019"]
[Site "Fagernes"]
[Date "2019.04.18"]
[Round "4"]
[White "Holm, Kristian Stuvik"]
[Black "Greenfeld, Alon"]
[Result "1/2-1/2"]
[WhiteElo "2467"]
[BlackElo "2514"]
[Annotator "ChessBase"]
[PlyCount "88"]
[EventDate "2019.04.14"]
[EventType "tourn"]
[EventCountry "NOR"]
[SourceTitle "playchess.com"]
[Source "ChessBase"]
[SourceQuality "1"]
[TimeControl "40/5400+30:1800+30"]

1. d4 {[%emt 0:00:00]} d5 {[%emt 0:10:08]} 2. c4 {[%emt 0:00:00]} dxc4 {[%emt 0:00:32]} 3. e3 {[%emt 0:00:00]} e5 {[%emt 0:00:32]} 4. Bxc4 {[%emt 0:00:00]} exd4 {[%emt 0:01:01]} 5. exd4 {[%emt 0:00:06]} Bd6 {[%emt 0:00:29]} 6. Nf3 {[%emt 0:00:11]} Nf6 {[%emt 0:00:27]} 7. Qe2+ {[%emt 0:00:08]} Qe7 {[%emt 0:01:07]} 8. Qxe7+ {[%emt 0:00:35]} Bxe7 {[%emt 0:00:24]} 9. Nc3 {[%emt 0:00:12]} O-O {[%emt 0:20:50]} 10. O-O {[%emt 0:00:30]} h6 {[%emt 0:20:48]} 11. Bf4 {[%emt 0:12:22]} Bd6 {[%emt 0:16:05]} 12. Bxd6 {[%emt 0:01:52]} cxd6 {[%emt 0:00:04]} 13. Nb5 {[%emt 0:00:58]} Ne8 {[%emt 0:00:32]} 14. Rfe1 {[%emt 0:02:01]} Bd7 {[%emt 0:01:59]} 15. Rac1 {[%emt 0:25:35]} Nc6 {[%emt 0:03:33]} 16. d5 {[%emt 0:15:12]} Ne5 {[%emt 0:05:38]} 17. Nxe5 {[%emt 0:02:48]} dxe5 {[%emt 0:00:13]} 18. Rxe5 {[%emt 0:00:21]} Rc8 {[%emt 0:01:23]} 19. Ree1 {[%emt 0:16:10]} Rxc4 {[%emt 0:00:38]} 20. Rxc4 {[%emt 0:00:03]} Bxb5 {[%emt 0:00:06]} 21. Rc8 {[%emt 0:00:09]} Nd6 {[%emt 0:04:49]} 22. Rxf8+ {[%emt 0:00:36]} Kxf8 {[%emt 0:00:01]} 23. b3 {[%emt 0:03:38]} Ne8 {[%emt 0:01:55]} 24. f3 {[%emt 0:05:28]} Nc7 {[%emt 0:01:53]} 25. a4 {[%emt 0:02:31]} Bd7 {[%emt 0:01:30]} 26. Rd1 {[%emt 0:03:13]} Na6 {[%emt 0:00:25]} 27. Re1 {[%emt 0:02:00]} Nb4 {[%emt 0:00:58]} 28. d6 {[%emt 0:00:23]} Be6 {[%emt 0:01:04]} 29. Rc1 {[%emt 0:04:24]} Na6 {[%emt 0:03:07]} 30. b4 {[%emt 0:00:32]} b6 {[%emt 0:00:37]} 31. a5 {[%emt 0:01:18]} b5 {[%emt 0:00:48]} 32. Rc6 {[%emt 0:00:51]} Nxb4 {[%emt 0:00:13]} 33. Rc7 {[%emt 0:00:04]} a6 {[%emt 0:00:10]} 34. Ra7 {[%emt 0:00:14]} Ke8 {[%emt 0:00:08]} 35. Kf2 {[%emt 0:00:50]} Bd5 {[%emt 0:02:13]} 36. h4 {[%emt 0:01:42]} Kd8 {[%emt 0:00:27]} 37. g4 {[%emt 0:00:38]} Bc4 {[%emt 0:00:33]} 38. h5 {[%emt 0:00:29]} Be6 {[%emt 0:00:52]} 39. Kg3 {[%emt 0:00:22]} Nc6 {[%emt 0:00:17]} 40. Rxa6 {[%emt 0:00:24]} Kd7 {[%emt 0:00:01]} 41. Rb6 {[%emt 0:01:46]} Nxa5 {[%emt 0:06:32]} 42. Rxb5 {[%emt 0:00:12]} Nc4 {[%emt 0:00:05]} 43. Rb8 {[%emt 0:01:25]} Nxd6 {[%emt 0:01:00]} 44. Ra8 {[%emt 0:04:13]} Bd5 {[%emt 0:07:32]} 1/2-1/2

[Event "Fagernes GM-B 2019"]
[Site "Fagernes"]
[Date "2019.04.18"]
[Round "4"]
[White "Kazakovskiy, Valeriy"]
[Black "Betaneli, Alexander"]
[Result "1-0"]
[WhiteElo "2440"]
[BlackElo "2235"]
[Annotator "NA"]
[PlyCount "105"]
[EventDate "2019.04.14"]
[EventType "tourn"]
[EventCountry "NOR"]
[SourceTitle "playchess.com"]
[Source "ChessBase"]
[SourceQuality "1"]
[TimeControl "40/5400+30:1800+30"]

1. d4 {[%emt 0:00:00]} d5 {[%emt 0:00:00]} 2. c4 {[%emt 0:00:00]} e6 {[%emt 0:00:00]} 3. Nf3 {[%emt 0:00:04]} Nf6 {[%emt 1:31:30]} 4. g3 {[%emt 0:00:13]} Be7 {[%emt 0:00:00]} 5. Bg2 {[%emt 0:00:42]} O-O {[%emt 0:00:00]} 6. O-O {[%emt 0:00:41]} c6 {[%emt 0:00:00]} 7. Qc2 {[%emt 0:00:23]} b6 {[%emt 0:00:00]} 8. Nbd2 {[%emt 0:01:40]} Bb7 {[%emt 0:00:00]} 9. e4 {[%emt 0:00:45]} Na6 {[%emt 0:00:00]} 10. e5 {[%emt 0:03:42]} Nd7 {[%emt 0:00:00]} 11. a3 {[%emt 0:00:31]} c5 {[%emt 0:00:00]} 12. dxc5 {[%emt 0:00:57]} Naxc5 {[%emt 0:00:00]} 13. b4 {[%emt 0:02:41]} Ne4 {[%emt 0:00:00]} 14. cxd5 {[%emt 0:04:23]} exd5 {[%emt 0:00:00]} 15. Bb2 {[%emt 0:02:31]} a5 {[%emt 0:00:00]} 16. Qb3 {[%emt 0:04:12]} axb4 {[%emt 0:00:00]} 17. axb4 {[%emt 0:00:27]} Rxa1 {[%emt 0:00:00]} 18. Rxa1 {[%emt 0:01:10]} Qb8 {[%emt 0:00:00]} 19. Nf1 {[%emt 0:05:27]} Rd8 {[%emt 0:00:00]} 20. Ne3 {[%emt 0:03:14]} Nf8 {[%emt 0:00:00]} 21. Rd1 {[%emt 0:04:11]} Qa8 {[%emt 0:00:00]} 22. Nf5 {[%emt 0:02:17]} Ng6 {[%emt 0:00:00]} 23. N3d4 {[%emt 0:05:36]} Bf8 {[%emt 0:00:00]} 24. e6 {[%emt 0:01:05]} Nf6 {[%emt 0:00:00]} 25. Qf3 {[%emt 0:12:00]} Qa4 {[%emt 0:00:00]} 26. Ra1 {[%emt 0:03:26]} Qxb4 {[%emt 0:00:00]} 27. Nh6+ {[%emt 0:01:06]} gxh6 {[%emt 0:00:00]} 28. Qxf6 {[%emt 0:00:16]} fxe6 {[%emt 0:02:44]} 29. Nc6 {[%emt 0:02:20]} Qxb2 {[%emt 0:01:31]} 30. Qxb2 {[%emt 0:00:23]} Bxc6 {[%emt 0:00:06]} 31. Qxb6 {[%emt 0:00:40]} Rd6 {[%emt 0:01:20]} 32. Ra7 {[%emt 0:01:23]} Be8 {[%emt 0:02:37]} 33. Qb7 {[%emt 0:01:35]} Rd7 {[%emt 0:00:37]} 34. Qb8 {[%emt 0:00:41]} Rxa7 {[%emt 0:00:13]} 35. Qxa7 {[%emt 0:00:10]} Bf7 {[%emt 0:01:55]} 36. Qa8 {[%emt 0:03:15]} Kg7 {[%emt 0:00:39]} 37. Bh3 {[%emt 0:01:10]} Be7 {[%emt 0:02:55]} 38. Qb7 {[%emt 0:01:47]} Kf6 {[%emt 0:01:35]} 39. Qb2+ {[%emt 0:00:57]} e5 {[%emt 0:00:06]} 40. Qb6+ {[%emt 0:00:08]} Kg7 {[%emt 0:00:12]} 41. Be6 {[%emt 0:30:10]} d4 {[%emt 0:31:15]} 42. Bxf7 {[%emt 0:01:04]} Kxf7 {[%emt 0:00:02]} 43. h4 {[%emt 0:01:29]} Bf6 {[%emt 0:00:00]} 44. Qb3+ {[%emt 0:00:00]} Kg7 {[%emt 0:00:00]} 45. Qe6 {[%emt 0:00:00]} Ne7 {[%emt 0:00:00]} 46. Kg2 {[%emt 0:00:00]} Kg6 {[%emt 0:00:00]} 47. Kf3 {[%emt 0:00:00]} h5 {[%emt 0:00:00]} 48. Ke4 {[%emt 0:00:00]} Kg7 {[%emt 0:00:00]} 49. Qb3 {[%emt 0:00:00]} Kg6 {[%emt 0:00:00]} 50. Qf3 {[%emt 0:00:00]} h6 {[%emt 0:00:00]} 51. Kd3 {[%emt 0:00:00]} Ng8 {[%emt 0:00:00]} 52. Qe4+ {[%emt 0:00:00]} Kg7 {[%emt 0:00:00]} 53. Qf5 {[%emt 0:00:00]} 1-0